Suicidal countries Quiz Stats

Quiz not verified by Sporcle

Challenge
Share
Tweet
Embed
Score 0/40 Timer 06:00
0 Plays Today
Country % Correct
Russia
86.7%
Japan
85.6%
Finland
68.9%
South Korea
67.9%
Ukraine
63.4%
Iran
61%
Lithuania
60.7%
France
60.7%
Latvia
59.8%
Estonia
57.8%
Belarus
56.4%
Serbia and montenegro
50.3%
Egypt
49.7%
Turkey
47.1%
Hungary
46.5%
Croatia
44.1%
Kazakhstan
42.9%
Belgium
42.7%
Slovenia
42%
Switzerland
41%
Country % Correct
Moldova
40.9%
Georgia
36.5%
Armenia
34%
Haiti
33.8%
Jordan
32.8%
Azerbaijan
32.4%
Syria
32.1%
Peru
31.6%
Jamaica
31.2%
kuwait
30.2%
Dominican republic
29.3%
Philippines
27.9%
Guyana
23.4%
Sri Lanka
22.9%
Barbados
21.1%
Honduras
21%
guatemala
20.5%
Saint Kitts and nevis
18.7%
Antigua and Barbuda
14.9%
Sao Tome and principe
5.8%

You're not logged in!

Compare scores with friends on all Sporcle quizzes.
Sign Up with Email
OR
Log In

You Might Also Like...

Show Comments

Extras

Top Quizzes Today


Score Distribution

Your Account Isn't Verified!

In order to create a playlist on Sporcle, you need to verify the email address you used during registration. Go to your Sporcle Settings to finish the process.

Report this User

Report this user for behavior that violates our Community Guidelines.

Details: